000 00751nam0a2200265 i 4500
001 RU\NLR\BIBL_A\011336187
005 20240727000129.0
010 _a9785986258893
_960
021 _aRU
_b2017-5933
_9420
035 _a(NLR Aleph) 011336187
090 _a11163027
_c11163027
100 _a20170301d2016 u y0rusy50 ca
101 0 _arus
102 _aRU
105 _ac z 000gy
200 1 _aБлагодарю . . .
_e[стихи]
_fНаталья Мокрова
210 _aМосква
_cГраница
_d2016
215 _a111 с.
_cпортр.
_d22
686 2 _aШ6(2=Р)8-5
700 1 _aМокрова
_bН.
_gНаталья
942 _cBOOK
980 _aNBR